| 000 | 00560nam a22001937a 4500 | ||
|---|---|---|---|
| 003 | OSt | ||
| 005 | 20221014043137.0 | ||
| 008 | 170404b xxu||||| |||| 00| 0 eng d | ||
| 020 | _a9783718605927 | ||
| 040 |
_aMMU _beng _cMMU _dMMU |
||
| 050 |
_aRD52 _b.M65 1995 |
||
| 100 | _aMoler, Aage | ||
| 245 |
_aIntraoperative neurophysiologic monitoring / _cAage R. Moller |
||
| 260 |
_aAustralia : _bHarwood academic publishers, _c1995. |
||
| 300 |
_axv, 343p. : _bill. |
||
| 500 | _aincludes index | ||
| 650 | _aneurophysiologic monitoring | ||
| 942 |
_2lcc _cLOAN LOAN |
||
| 999 |
_c26800 _d26800 |
||